| 000 | 01418cad a22002415a 4500 | ||
|---|---|---|---|
| 001 | L141371 | ||
| 008 | 071119c20071030xxk f 000 0 eng d | ||
| 020 | _a9780101722629 | ||
| 035 | _a(Sirsi) u141371 | ||
| 041 | 0 | _aeng | |
| 050 | 0 | 4 | _a333.72 $2 18 |
| 110 | 1 |
_aUnited Kingdom _bDepartment for Transport _94866 |
|
| 245 | 0 | 0 |
_aTowards a sustainable transport system _bsupporting economic growth in a low carbon world _h[electronic resource] |
| 260 |
_aLondon _bDepartment for Transport _c2007 |
||
| 520 | _aSets out the UK Government's overall transport strategy. Presents plans aimed at both supporting economic growth and limiting transport's contribution to climate change. Responds to recommendations made by the Eddington Transport Study (L137759) and the Stern Review of the Economics of Climate Change (L135564). Summarises policy investment plans to 2014. Describes the Government's approach to strategic transport planning for the period 2014-2019 and beyond. | ||
| 590 | _aKA | ||
| 650 | 2 | 4 | _aSTERN REVIEW ON THE ECONOMICS OF CLIMATE CHANGE |
| 650 | 2 | 4 | _aEDDINGTON TRANSPORT STUDY |
| 651 | 4 |
_aUnited Kingdom _y |
|
| 690 | _aPROPERTY-INFRASTRUCTURE-TRANSPORT INFRASTRUCTURE | ||
| 856 | 4 | 0 |
_uhttps://webarchive.nationalarchives.gov.uk/20071204125941/http://www.dft.gov.uk/about/strategy/transportstrategy/pdfsustaintranssystem.pdf _zView the item free of charge at nationalarchives.gov.uk |
| 942 | _n0 | ||
| 999 |
_c107635 _d107635 |
||